[Event "SLO-ch U18 Girls"]
[Site "Murska Sobota"]
[Date "2006.02.26"]
[Round "1"]
[White "Pavlic, Suzana"]
[Black "Ursic, Mojca"]
[Result "0-1"]
[WhiteElo "1647"]
[BlackElo "1500"]
[PlyCount "78"]
[EventDate "2006.02.26"]
[EventType "tourn"]
[EventRounds "5"]
[EventCountry "SLO"]
[SourceTitle "EXT 2009"]
[Source "ChessBase"]
[SourceDate "2008.11.26"]
[SourceVersion "1"]
[SourceVersionDate "2008.11.26"]
[SourceQuality "1"]

1. d4 d5 2. Bg5 h6 3. Bh4 Nf6 4. Bxf6 exf6 5. e3 Bd6 6. Bd3 0-0 7. Nf3 Be6 8. 0-0 Nd7 9. c3 f5 10. Nbd2 Nf6 11. Re1 c6 12. h3 Ne4 13. Qc2 Qf6 14. Re2 Rfe8 15. Nf1 Bd7 16. N3h2 Re7 17. b3 Rae8 18. Rae1 f4 19. Bxe4 dxe4 20. exf4 Qxf4 21. g3 Qf5 22. g4 Qf4 23. Ng3 e3 24. Nhf1 exf2+ 25. Rxf2 Rxe1 26. Rxf4 Bxf4 27. Kf2 Rc1 28. Qb2 Ree1 29. c4 Red1 30. Ne2 Bg5 31. Qc2 Ra1 32. Nh2 Bh4+ 33. Kg2 Re1 34. Nc3 Bf6 35. Nf3 Re3 36. Kf2 c5 37. Qd2 cxd4 38. Nxd4 Rxh3 39. Nd5 Rh2+ 0-1

[Event "Nova Gorica op-B 11th"]
[Site "Nova Gorica"]
[Date "2006.01.30"]
[Round "7"]
[White "Ursic, Mojca"]
[Black "Dobravec, Tatjana"]
[Result "1-0"]
[WhiteElo "1500"]
[BlackElo "1500"]
[PlyCount "59"]
[EventDate "2006.01.27"]
[EventType "swiss"]
[EventRounds "9"]
[EventCountry "SLO"]
[SourceTitle "CBM 110 Extra"]
[Source "ChessBase"]
[SourceDate "2006.03.10"]
[SourceVersion "2"]
[SourceVersionDate "2006.03.10"]
[SourceQuality "1"]

1. e4 e5 2. Nf3 Nf6 3. Nc3 Nc6 4. Bb5 a6 5. Ba4 d5 6. Nxe5 Bd7 7. Nxd7 Qxd7 8. e5 d4 9. exf6 dxc3 10. Qe2+ Kd8 11. dxc3 gxf6 12. 0-0 Bd6 13. Qf3 f5 14. Bg5+ Be7 15. Rad1 b5 16. Rxd7+ Kxd7 17. Qxf5+ Ke8 18. Bxe7 Nxe7 19. Re1 Ra7 20. Qe5 c6 21. Qxh8+ Kd7 22. Rd1+ Ke6 23. Bb3+ Nd5 24. Bxd5+ cxd5 25. Qxh7 Rd7 26. Qh6+ f6 27. Re1+ Kf7 28. Qh7+ Kf8 29. Qxd7 Kg8 30. Re8# 1-0

[Event "SLO-chT (Women)"]
[Site "Bled"]
[Date "2005.11.12"]
[Round "8"]
[White "Srebrnic, Ana"]
[Black "Ursic, Mojca"]
[Result "1-0"]
[WhiteElo "2280"]
[BlackElo "1500"]
[PlyCount "137"]
[EventDate "2005.11.03"]
[EventType "team"]
[EventRounds "9"]
[EventCountry "SLO"]
[SourceTitle "CBM 109 Extra"]
[Source "ChessBase"]
[SourceDate "2006.01.03"]
[SourceVersion "2"]
[SourceVersionDate "2006.01.03"]
[SourceQuality "1"]

1. Nf3 d5 2. d4 Nf6 3. c4 e6 4. Nc3 Be7 5. cxd5 exd5 6. Qc2 0-0 7. Bf4 Be6 8. e3 Nbd7 9. Bd3 h6 10. h3 Re8 11. Nb5 Bd6 12. Nxd6 cxd6 13. Bxd6 Rc8 14. Qb3 Qb6 15. Qxb6 Nxb6 16. Ne5 Nbd7 17. Nxd7 Bxd7 18. 0-0 Re6 19. Bc5 b6 20. Bb4 a5 21. Bd2 Ne4 22. Rfd1 Nxd2 23. Rxd2 Rec6 24. Kf1 Kf8 25. Ke2 Ke7 26. Rdd1 R6c7 27. Kd2 f5 28. h4 g6 29. Rh1 Kf6 30. f3 Be6 31. Rhf1 Kf7 32. Rab1 Ra8 33. Rbc1 Rac8 34. Rxc7+ Rxc7 35. Bb5 Ke7 36. Bd3 Kf7 37. g3 Ke7 38. Rb1 Kd6 39. b4 a4 40. b5 Bd7 41. Rb4 Ra7 42. Bc2 a3 43. Bd3 Ke7 44. Rb1 Rc7 45. Rb3 Ra7 46. Kc2 Kd6 47. Rb1 Rc7+ 48. Kd2 Ke7 49. Rb3 Ra7 50. Rb4 Kd6 51. Be2 Ke7 52. Rb1 Rc7 53. Rc1 Ra7 54. g4 Kd6 55. gxf5 gxf5 56. Rg1 Ke7 57. Rg6 Be6 58. Rxh6 Ra8 59. Rh7+ Kf6 60. Rb7 Rh8 61. Rxb6 Rxh4 62. Ra6 Rh1 63. Rxa3 Rb1 64. Rb3 Rxb3 65. axb3 Bc8 66. f4 Ke6 67. Kc3 Kd6 68. Kb4 Kc7 69. Kc5 1-0

[Event "SLO-chT (Women)"]
[Site "Bled"]
[Date "2005.11.12"]
[Round "7"]
[White "Ursic, Mojca"]
[Black "Mar, Karmen"]
[Result "0-1"]
[WhiteElo "1500"]
[BlackElo "2125"]
[PlyCount "96"]
[EventDate "2005.11.03"]
[EventType "team"]
[EventRounds "9"]
[EventCountry "SLO"]
[SourceTitle "CBM 109 Extra"]
[Source "ChessBase"]
[SourceDate "2006.01.03"]
[SourceVersion "2"]
[SourceVersionDate "2006.01.03"]
[SourceQuality "1"]

1. e4 c5 2. Nf3 d6 3. d4 cxd4 4. Nxd4 Nf6 5. Nc3 e6 6. Be2 Be7 7. 0-0 0-0 8. Be3 Nc6 9. Nb3 a6 10. a4 b6 11. Qd2 Bb7 12. Rfd1 Qc7 13. Qe1 Nb4 14. Bd3 Nd7 15. Qd2 Nc5 16. Nxc5 bxc5 17. b3 Bf6 18. Bg5 Bd4 19. Be3 Rac8 20. Rab1 h6 21. Ne2 Bf6 22. c3 Nxd3 23. Qxd3 Rfd8 24. Qc2 d5 25. exd5 Bxd5 26. Nf4 Bb7 27. Nh5 Be7 28. c4 Qe5 29. Ng3 f5 30. Bd2 f4 31. Bc3 Qg5 32. Ne4 Qf5 33. f3 Bd6 34. Qe2 Bc7 35. Kf1 Qh5 36. Kg1 Be5 37. Ba5 Bd4+ 38. Kh1 Rd7 39. Qc2 Rf8 40. Bd2 Rf5 41. Be1 Qf7 42. Bc3 e5 43. Be1 Rh5 44. h3 Qe6 45. Bf2 Bxe4 46. fxe4 f3 47. Kg1 fxg2 48. Kxg2 Qxh3+ 0-1

[Event "SLO-chT (Women)"]
[Site "Bled"]
[Date "2005.11.05"]
[Round "3"]
[White "Ursic, Mojca"]
[Black "Srdic, Ursa"]
[Result "0-1"]
[WhiteElo "1500"]
[BlackElo "1765"]
[PlyCount "94"]
[EventDate "2005.11.03"]
[EventType "team"]
[EventRounds "9"]
[EventCountry "SLO"]
[SourceTitle "CBM 109 Extra"]
[Source "ChessBase"]
[SourceDate "2006.01.03"]
[SourceVersion "2"]
[SourceVersionDate "2006.01.03"]
[SourceQuality "1"]

1. e4 e5 2. Nf3 Nf6 3. Nc3 Bb4 4. d3 Nc6 5. Bg5 h6 6. Bh4 0-0 7. Be2 Bxc3+ 8. bxc3 d6 9. 0-0 Qe7 10. Rb1 Qe6 11. Rb2 Ne7 12. Qd2 Ng6 13. Rfb1 Nh5 14. Bg3 Nhf4 15. Qe3 f5 16. d4 Nxe2+ 17. Qxe2 f4 18. Bh4 Qg4 19. Be7 Nxe7 20. dxe5 Ng6 21. Qc4+ Kh7 22. Qxc7 Nxe5 23. Nxe5 dxe5 24. Qxe5 f3 25. Qg3 Qxe4 26. Qd6 Bf5 27. gxf3 Qxf3 28. Qg3 Be4 29. Qxf3 Rxf3 30. Re1 Rf4 31. Rb4 Rg4+ 32. Kf1 Bg2+ 33. Kg1 Bh3+ 34. Kh1 Rd8 35. Rxg4 Bxg4 36. Kg2 Bd7 37. Kg3 Bc6 38. Re2 Rd6 39. f4 Rd5 40. h4 Ra5 41. Re5 Rxa2 42. Re2 Ra1 43. Kf2 Rh1 44. Kg3 Rg1+ 45. Kf2 Rg4 46. h5 Rxf4+ 47. Ke3 Re4+ 0-1

[Event "SLO-chT (Women)"]
[Site "Bled"]
[Date "2005.11.03"]
[Round "1"]
[White "Ursic, Mojca"]
[Black "Vospernik, Mira"]
[Result "0-1"]
[WhiteElo "1500"]
[BlackElo "2064"]
[PlyCount "64"]
[EventDate "2005.11.03"]
[EventType "team"]
[EventRounds "9"]
[EventCountry "SLO"]
[SourceTitle "CBM 109 Extra"]
[Source "ChessBase"]
[SourceDate "2006.01.03"]
[SourceVersion "2"]
[SourceVersionDate "2006.01.03"]
[SourceQuality "1"]

1. e4 e6 2. d4 d5 3. Nd2 Nf6 4. e5 Nfd7 5. Bd3 c5 6. c3 Nc6 7. Ne2 Qb6 8. Nf3 cxd4 9. cxd4 g6 10. 0-0 Bg7 11. Rb1 0-0 12. Be3 h6 13. Qd2 Kh7 14. Ng3 f5 15. exf6 Nxf6 16. Nh4 Ne7 17. Qc2 Nf5 18. Ngxf5 exf5 19. Qe2 Bd7 20. Rfc1 Rac8 21. Qf3 Ne4 22. Rxc8 Bxc8 23. Bxe4 fxe4 24. Qg3 g5 25. Bxg5 hxg5 26. Qxg5 Qf6 27. Qg3 Qh6 28. h3 Bxd4 29. Rf1 Bf6 30. Qc7+ Qg7 31. Qg3 Qxg3 32. fxg3 Bd4+ 0-1